000 00351nam a2200133Ia 4500
008 210430s9999 xx 000 0 und d
020 _a81-7409-035-5
082 _a620.11 M941 M
100 _aMubeen&Mubeen
_934541
245 _aMaterial Science
_cMubeen&Mubeen
260 _aIndia
_bRomesh Chander Khanna
_c2006
300 _a719p
942 _cBK
_2ddc
999 _c564686
_d564686